[Event "Vitrolles-ch 13th"]
[Site "Vitrolles"]
[Date "2012.10.20"]
[Round "2"]
[White "Arthaud, Geoffrey"]
[Black "Charvein, Gabriel"]
[Result "0-1"]
[WhiteElo "1630"]
[BlackElo "1813"]
[PlyCount "96"]
[EventDate "2012.03.09"]
[EventType "swiss"]
[EventRounds "9"]
[EventCountry "FRA"]
[SourceTitle "EXT 2014"]
[Source "ChessBase"]
[SourceDate "2013.11.20"]
[SourceVersion "1"]
[SourceVersionDate "2013.11.20"]
[SourceQuality "1"]

1. d4 Nf6 2. c4 g6 3. Nc3 Bg7 4. e4 d6 5. Nf3 0-0 6. Be2 Nbd7 7. 0-0 e5 8. Re1 exd4 9. Nxd4 Nc5 10. f3 c6 11. b4 Ne6 12. Nxe6 Bxe6 13. Bb2 Qb6+ 14. Kh1 Qxb4 15. Qb3 Qxb3 16. axb3 Nh5 17. Rad1 Rad8 18. g3 Nf6 19. Ba3 Ng4 20. fxg4 Bxc3 21. Rf1 Be5 22. Rd3 Rd7 23. Rfd1 Rfd8 24. Bc1 d5 25. exd5 cxd5 26. c5 d4 27. Bf3 Bd5 28. Bxd5 Rxd5 29. b4 a5 30. Bd2 axb4 31. Bxb4 Ra8 32. Ba3 Ra4 33. Rc1 Kg7 34. g5 h6 35. gxh6+ Kxh6 36. Kg2 Bf6 37. Rf1 Kg7 38. Rc1 Rd8 39. c6 bxc6 40. Rxc6 Rda8 41. Bc5 Ra2+ 42. Kf3 Rxh2 43. Bxd4 Bxd4 44. Rxd4 Ra3+ 45. Kf4 Rf2+ 46. Ke5 Rxg3 47. Rh4 Ra3 48. Kd6 Rf6+ 0-1